<?xml version="1.0" encoding="UTF-8"?><?xml-stylesheet type="text/xsl" href="static/style.xsl"?><OAI-PMH xmlns="http://www.openarchives.org/OAI/2.0/" xmlns:xsi="http://www.w3.org/2001/XMLSchema-instance" xsi:schemaLocation="http://www.openarchives.org/OAI/2.0/ http://www.openarchives.org/OAI/2.0/OAI-PMH.xsd"><responseDate>2026-06-06T02:27:11Z</responseDate><request verb="GetRecord" identifier="oai:riuma.uma.es:10630/18990" metadataPrefix="marc">https://riuma.uma.es/rest/oai/request</request><GetRecord><record><header><identifier>oai:riuma.uma.es:10630/18990</identifier><datestamp>2026-02-03T11:45:15Z</datestamp><setSpec>com_10630_2254</setSpec><setSpec>col_10630_37956</setSpec></header><metadata><record xmlns="http://www.loc.gov/MARC21/slim" xmlns:dcterms="http://purl.org/dc/terms/" xmlns:doc="http://www.lyncode.com/xoai" xmlns:xsi="http://www.w3.org/2001/XMLSchema-instance" xsi:schemaLocation="http://www.loc.gov/MARC21/slim http://www.loc.gov/standards/marcxml/schema/MARC21slim.xsd">
   <leader>00925njm 22002777a 4500</leader>
   <datafield ind2=" " ind1=" " tag="042">
      <subfield code="a">dc</subfield>
   </datafield>
   <datafield ind2=" " ind1=" " tag="720">
      <subfield code="a">García-Garrido, Sebastián</subfield>
      <subfield code="e">author</subfield>
   </datafield>
   <datafield ind2=" " ind1=" " tag="720">
      <subfield code="a">Pérez-Jiménez, Aurelio</subfield>
      <subfield code="e">author</subfield>
   </datafield>
   <datafield ind2=" " ind1=" " tag="260">
      <subfield code="c">2014</subfield>
   </datafield>
   <datafield ind2=" " ind1=" " tag="520">
      <subfield code="a">La cultura y la identidad esencial de la misma es un principio ineludible y de máxima trascendencia en el panorama actual del diseño, cuando asistimos a estrategias integradas en un conjunto de aspectos materiales e inmateriales que deben encajar en un sistema perfectamente planificado. Para desarrollar y definir esta identidad el primer paso es llegar a ser conscientes de que la identidad territorial a la que pertenecemos "germen de la civilización occidental" ha dado lugar a lo que podríamos denominar Cultura Clásica Contemporánea (CCC). En ella se integran no sólo los herederos directos de las antiguas civilizaciones del Mediterráneo (Italia, España y Portugal), también casi toda América. Para lograr la esencia de esta cultura es necesario remitirse a las bases levantadas en el mundo clásico mediterráneo, que resurgieron durante el Renacimiento, la Ilustración y nuevamente en este inicio del nuevo milenio, así como a los fundamentos conceptuales y terminológicos del Diseño. Bases definidas por la diversidad de toda índole, el desarrollo del conocimiento y la innovación tecnológica, la interacción entre culturas, la promoción de la creatividad, del subconsciente y de todas las manifestaciones del Arte, en el marco de un nuevo Humanismo.</subfield>
   </datafield>
   <datafield ind1="8" ind2=" " tag="024">
      <subfield code="a">García Garrido, Sebastián (2014) Identidad del Diseño de la Cultura Clásica Contemporánea ante el humanismo en la era de las redes interpersonales. Málaga: Sociedad Erasmiana.</subfield>
   </datafield>
   <datafield ind1="8" ind2=" " tag="024">
      <subfield code="a">https://hdl.handle.net/10630/18990</subfield>
   </datafield>
   <datafield tag="653" ind2=" " ind1=" ">
      <subfield code="a">Humanismo</subfield>
   </datafield>
   <datafield ind2="0" ind1="0" tag="245">
      <subfield code="a">Identidad del Diseño de la Cultura Clásica Contemporánea ante el humanismo en la era de las redes interpersonales</subfield>
   </datafield>
</record>
</metadata></record></GetRecord></OAI-PMH>